|
|
|
|
| LEADER |
01243nam a2200265 a 4500 |
| 001 |
4474711 |
| 008 |
090517s1997 ctua b 001 0 eng d |
| 010 |
|
|
|a \\\96084723
|
| 020 |
|
|
|a 0697262316
|
| 040 |
|
|
|a DLC
|c DLC
|d DLC
|
| 082 |
0 |
0 |
|a 613
|2 21
|
| 100 |
1 |
|
|a Seiger, Lon H.
|
| 245 |
1 |
0 |
|a Your health, your style :
|b strategies for wellness /
|c Lon Seiger, Jan Richter.
|
| 260 |
|
|
|a Madison, WI :
|b Brown & Benchmark,
|c c1997.
|
| 300 |
|
|
|a xxxviii, 229 p. :
|b ill. ;
|c 28 cm.
|
| 504 |
|
|
|a Includes bibliographical references (p. xxvii-xxxii) and index.
|
| 541 |
1 |
|
|e 00007721
|
| 650 |
|
0 |
|a College students
|x Health and hygiene.
|
| 650 |
|
0 |
|a Health.
|
| 700 |
1 |
|
|a Richter, Jan.
|
| 852 |
4 |
|
|a Ayesha Abed Library
|j Generalshelf
|
| 999 |
|
|
|c 761
|d 761
|
| 952 |
|
|
|0 0
|1 4
|2 ddc
|4 0
|6 613_000000000000000_SEI
|7 0
|8 NFIC
|9 702
|a BRACUL
|b BRACUL
|c GEN
|d 2009-05-17
|g 0.00
|l 0
|o 613 SEI
|p 3010007721
|r 2009-05-17
|t 1
|w 2009-05-17
|y BK
|x No price found in the accession register.
|
| 952 |
|
|
|0 0
|1 0
|2 ddc
|4 0
|6 613_000000000000000_SEI
|7 0
|9 43555
|a SCL
|b SCL
|c GEN
|d 2001-08-27
|l 1
|m 1
|o 613 SEI
|p 3020003329
|r 2017-06-17
|s 2017-05-30
|t 2
|w 2014-08-31
|y BK
|
| 952 |
|
|
|0 0
|1 0
|2 ddc
|4 0
|6 613_000000000000000_SEI
|7 0
|9 43556
|a SCL
|b SCL
|c GEN
|d 2001-08-27
|l 0
|o 613 SEI
|p 3020003330
|r 2014-08-31
|t 3
|w 2014-08-31
|y BK
|